Mô hình toán kinh tế : Dành cho sinh viên các trường cao đẳng, đại học khối kinh tế

Nội dung sách giới thiệu mô hình toán kinh tế, bài toán quy hoạch tuyến tính phương pháp đơn hình, mô hình cân đối liên ngành và bài toán quản lý dự trữ.

Salvato in:
Dettagli Bibliografici
Autore principale: Bùi, Duy Phú
Natura: Libro
Lingua:Undetermined
Pubblicazione: Hà Nội Giáo dục Việt Nam 2013
Soggetti:
Tags: Aggiungi Tag
Nessun Tag, puoi essere il primo ad aggiungerne! !
Thư viện lưu trữ: Trung tâm Học liệu Trường Đại học Cần Thơ
LEADER 00968nam a2200229Ia 4500
001 CTU_110617
008 210402s9999 xx 000 0 und d
020 |c 35000 
082 |a 330.1543 
082 |b Ph500 
100 |a Bùi, Duy Phú 
245 0 |a Mô hình toán kinh tế : 
245 0 |b Dành cho sinh viên các trường cao đẳng, đại học khối kinh tế 
245 0 |c Bùi Duy Phú (chủ biên), Nguyễn Văn An 
260 |a Hà Nội 
260 |b Giáo dục Việt Nam 
260 |c 2013 
520 |a Nội dung sách giới thiệu mô hình toán kinh tế, bài toán quy hoạch tuyến tính phương pháp đơn hình, mô hình cân đối liên ngành và bài toán quản lý dự trữ. 
650 |a Kinh tế,Economics 
650 |x Mô hình toán,Mathematical models 
904 |i Qhieu 
980 |a Trung tâm Học liệu Trường Đại học Cần Thơ